Normal view
MARC view
- Sherard, Robert Harborough
Entry Personal Name
001 - CONTROL NUMBER
- control field: 108051
003 - CONTROL NUMBER IDENTIFIER
- control field: NUST
005 - DATE AND TIME OF LATEST TRANSACTION
- control field: 20230130125823.0
008 - FIXED-LENGTH DATA ELEMENTS
- fixed length control field: 230130|| aca||aabn | a|a d
040 ## - CATALOGING SOURCE
- Original cataloging agency: NUST
- Transcribing agency: NUST
100 ## - HEADING--PERSONAL NAME
- Personal name: Sherard, Robert Harborough
670 ## - SOURCE DATA FOUND
- Source citation: Work cat.: (NUST)187156: Sherard, Robert Harborough,, The life of Oscar Wilde:, 1906
